• Riva M., Vicchi S., Rossi V., Lorenzetti A., Lanzi A., Di Mario T., Lukudo R.,

di Personal Name

Records bibliografici associati: 1

001 - CONTROL NUMBER

  • control field: 60372

003 - CONTROL NUMBER IDENTIFIER

  • control field:

005 - DATE AND TIME OF LATEST TRANSACTION

  • control field: 20231122114826.0

008 - FIXED-LENGTH DATA ELEMENTS

  • fixed length control field: 231122|| aca||aabn | a|a d

040 ## - CATALOGING SOURCE

  • Original cataloging agency:
  • Transcribing agency:

100 ## - HEADING--PERSONAL NAME

  • Personal name: Riva M., Vicchi S., Rossi V., Lorenzetti A., Lanzi A., Di Mario T., Lukudo R.,
  • Personal name: Cassani D., Bosio V., Braga D

670 ## - SOURCE DATA FOUND

  • Source citation: Work cat.: ()359923: Berti Davide (et al.) 60371, Campo largo, 2023
CREDITS: SOCIETA' SAN PAOLO Via A.Severo, 58 - ROMA (RM) & PERIODICI SAN PAOLO SRL Via Giotto, 36 MILANO & CISF Via Giotto, 36 MILANO & EDIZIONI SAN PAOLO SRL,  Piazza Soncino, 5 CINISELLO BALSAMO (MI) -- ITALY